Coupes du Monde de Football: Costa Rica - Statistiques

Statistiques générales
  • Ce quiz a été pris 87 fois
    49 depuis la dernière actualisation
  • Le résultat moyen est 13 sur 18
Statistiques - réponses
Réponse % Correct
Allemagne
98%
Brésil
96%
Espagne
93%
Angleterre
91%
Italie
91%
Japon
91%
Pays-Bas
82%
Uruguay
76%
Suisse
73%
Serbie
69%
Grèce
64%
Suède
64%
Pologne
62%
Equateur
58%
Ecosse
53%
Turquie
51%
Tchécoslovaquie
44%
Chine
40%
Aucun quiz correspondant
Distribution des résultats
% des personnes avec chaque résultat
Percentile par nombre de réponses
Votre historique - résultats
Vous n’avez pas pris ce quiz depuis la dernière actualisation